Normal view
MARC view
- Kalirajan K P
Entry Personal Name
001 - CONTROL NUMBER
- control field: 107014
003 - CONTROL NUMBER IDENTIFIER
- control field: OSt
005 - DATE AND TIME OF LATEST TRANSACTION
- control field: 20230125043133.0
008 - FIXED-LENGTH DATA ELEMENTS
- fixed length control field: 230125|| aca||aabn | a|a d
040 ## - CATALOGING SOURCE
- Original cataloging agency: OSt
- Transcribing agency: OSt
100 ## - HEADING--PERSONAL NAME
- Personal name: Kalirajan K P
670 ## - SOURCE DATA FOUND
- Source citation: Work cat.: (OSt)84346: Kalirajan K P, Accelerating growth through globalization of Indian agriculture, 2001